Statistiques concernant Pokémon - Les attaques de Magnéti

Cliquez ici pour prendre le quiz!

Statistiques générales

  • Ce quiz a été pris 8 fois
  • Le résultat moyen est 9 sur 15

Statistiques - réponses

NiveauxTypesNoms des attaques% Correct
DépartNormalCharge
100%
Niveau 8ÉlectriqueCage Éclair
86%
DépartÉlectriqueÉclair
86%
Niveau 24NormalGrincement
71%
Niveau 40AcierStrido-Son
71%
Niveau 12ÉlectriqueBoule Élek
57%
Niveau 52ÉlectriqueÉlecanon
57%
Niveau 20ÉlectriqueÉtincelle
57%
Niveau 32AcierLuminocanon
57%
Niveau 4NormalUltrason
57%
Niveau 28ÉlectriqueVol Magnétik
57%
Niveau 36ÉlectriqueCoup d'Jus
43%
Niveau 16AcierGyroballe
43%
Niveau 44PsyMur Lumière
29%
Niveau 48NormalVerrouillage
29%

Distribution des résultats

Percentile par nombre de réponses

% des personnes avec chaque résultat

Votre développement - résultats

Vous n’avez pas pris ce quiz